000 00799nam a2200241 i 4500
001 15924
003 ES-MaACL
005 20230906151209.0
007 t|
008 000519s1999 sp b |||| | spa d
020 _a84-95099-07-1
080 _a308(460.186)"12/14"
100 1 _aAsenjo González, María.
_923564
245 1 0 _aEspacio y sociedad en la Soria medieval (siglos XIII-XV) /
_cMaría Asenjo González.
260 _a[Soria] :
_bDiputación Provincial,
_c1999.
300 _a607 p. :
_bmapas ;
_c38.
490 1 _aTemas sorianos ;
_v38
651 4 _aSoria (Provincia)-
_xSituación social-
_vHistoria.
_9164819
710 1 _aSoria (Provincia).
_bDiputación Provincial.
_96880
830 0 _aTemas sorianos ;
_v38
_9179839
852 _aES-MaACL
_jL-22854
999 _c15924
_d15924